Die philosophischen Schristen von Gottfried Wilhelm Leibniz / (Record no. 157477)

MARC details
000 -LEADER
campo de control de longitud fija 01052nam a22002175i 4500
001 - NÚMERO DE CONTROL
campo de control 157477
003 - IDENTIFICADOR DE NÚMERO DE CONTROL
campo de control ES-MaACL
005 - FECHA Y HORA DE LA ÚLTIMA TRANSACCIÓN
campo de control 20250804062752.0
008 - DATOS DE LONGITUD FIJA--INFORMACIÓN GENERAL
campo de control de longitud fija 040809m18751890gw a |||| | ger d
040 ## - FUENTE DE CATALOGACIÓN
Centro catalogador/agencia de origen CAM
Lengua de catalogación spa
Centro/agencia transcriptor CAM
100 1# - ENTRADA PRINCIPAL--NOMBRE DE PERSONA
Nombre de persona Leibniz, Gottfried Wilhelm
Títulos y otros términos asociados al nombre Freiherr von.
9 (RLIN) 71367
245 14 - MENCIÓN DEL TÍTULO
Título Die philosophischen Schristen von Gottfried Wilhelm Leibniz /
Mención de responsabilidad, etc. herausgegeben von C.J. Gerhardt.
260 ## - PUBLICACIÓN, DISTRIBUCIÓN, ETC.
Lugar de publicación, distribución, etc. Berlin :
Nombre del editor, distribuidor, etc. Weidmannsche Buchhandlung,
Fecha de publicación, distribución, etc. 1875-1890 (
Lugar de fabricación/manufactura Leipzig :
Fabricante Druck von Breitkopf und Härtel)
300 ## - DESCRIPCIÓN FÍSICA
Extensión 7 v. ;
Dimensiones 24 cm.
597 ## - NOTA DE DESCRIPCIÓN FÍSICA
NOTA DE DESCRIPCIÓN FÍSICA T.I, 1875 (VIII, 427 p., [1] h. de lám.) - T.II, 1879 (594 p.) - T.III, 1887 (684 p.) - T.IV, 1880 (VIII, 595 p.) - T.V, 1882 (509 p.) - T.VI, VIII, (629 p.) - T.VII, 1890 (X, 598 p.)
599 ## - NOTA A LAS ILUSTRACIONES
NOTA A LAS ILUSTRACIONES La h. de lám. grab. lit. retrato del autor: "Lith. v. P. Rohrbahc, Druck v. J. Hesse, Berlin"
650 #7 - PUNTO DE ACCESO ADICIONAL DE MATERIA--TÉRMINO DE MATERIA
Término de materia o nombre geográfico como elemento de entrada Filosofía
Fuente del encabezamiento o término embne
9 (RLIN) 12802
700 11 - ENTRADA AGREGADA--NOMBRE PERSONAL
Nombre de persona Gerhardt, C.J.,
Término indicativo de función/relación
9 (RLIN) 127293
852 ## - LOCALIZACIÓN
Ubicación ES-MaACL
Número de control de estantería G-5334-5340
Nota libre -- Enc. hol. conservando la cub. original
Holdings
Estatus retirado Estado de pérdida Estado de daño No para préstamo Colección Biblioteca de origen Biblioteca actual Ubicación en estantería Fecha de adquisición Fuente de adquisición Total de préstamos Signatura topográfica completa Código de barras Visto por última vez Precio de reemplazo Tipo de ítem Koha
        Libros del s. XIX Biblioteca del Ateneo de Madrid Biblioteca del Ateneo de Madrid Depósito 2 17/01/2008     G-5334-5340 1164795 23/02/2023 23/02/2023 Libro impreso antiguo